<?xml version="1.0" encoding="UTF-8"?>
<collection xmlns="http://www.loc.gov/MARC21/slim">
<record>
  <controlfield tag="001">169842</controlfield>
  <controlfield tag="005">20260304131020.0</controlfield>
  <datafield tag="037" ind1=" " ind2=" ">
    <subfield code="a">TAZ-TFG-2025-4596</subfield>
  </datafield>
  <datafield tag="041" ind1=" " ind2=" ">
    <subfield code="a">spa</subfield>
  </datafield>
  <datafield tag="100" ind1="1" ind2=" ">
    <subfield code="a">Andrés Moreno, Lucía</subfield>
  </datafield>
  <datafield tag="242" ind1="0" ind2="0">
    <subfield code="a">Ethnobotany of the Broto Valley</subfield>
  </datafield>
  <datafield tag="245" ind1="0" ind2="0">
    <subfield code="a">Etnobotánica del Valle de Broto</subfield>
  </datafield>
  <datafield tag="260" ind1=" " ind2=" ">
    <subfield code="a">Zaragoza</subfield>
    <subfield code="b">Universidad de Zaragoza</subfield>
    <subfield code="c">2025</subfield>
  </datafield>
  <datafield tag="506" ind1=" " ind2=" ">
    <subfield code="a">by-nc-sa</subfield>
    <subfield code="b">Creative Commons</subfield>
    <subfield code="c">3.0</subfield>
    <subfield code="u">http://creativecommons.org/licenses/by-nc-sa/3.0/</subfield>
  </datafield>
  <datafield tag="520" ind1=" " ind2=" ">
    <subfield code="a">Ante la creciente expansión de proyectos de explotación turística y el fomento de la extracción de recursos en el Pirineo aragonés, es de gran importancia recolectar los saberes tradicionales enraizados en la cultura del valle de Broto. Si bien son pocos los que todavía conservan en su memoria los usos etnobotánicos que formaban parte de la cultura, todavía viven muy presentes en las aldeas de este valle pirenaico. La participación en las formas de recolección, procesado y uso de las plantas, representa una oportunidad de arraigo al territorio, pues permite conocer el entorno que se habita desde una mirada atenta, pausada y que fomenta el sentimiento de comunidad. La preparación de remedios con plantas del entorno proporciona abundancia y promueve una economía de regalo que se aleja del consumismo. El acto de recolección silvestre de plantas comestibles representa una alternativa a la dependencia de los sistemas agroalimentarios extractivos, además de aportar empoderamiento a las personas que desean conocer su entorno natural. Por ello se realiza un estudio sobre etnobotánica, heredada por tradición oral de generación en generación, mediante la realización de 6 entrevistas a 5 informantes. Se exponen los nombres científicos, vernáculos y en lengua aragonesa, la categoría terapéutica, indicación terapéutica, uso alimenticio, parte usada, otros usos y forma de preparación/ administración. Se han encontrado 30 familias botánicas, de las cuales 47 especies vegetales y un hongo medicinal presentan usos etnobotánicos. La pérdida de los conocimientos etnobotánicos se entiende al conocer el contexto socioecológico del valle de Broto; una zona que pasó de tener un modelo agroganadero fuertemente conectado al respeto del paisaje, en el que la supervivencia de las personas y animales dependía de los remedios medicinales caseros, a uno principalmente turístico. La fuerte migración de muchos habitantes de las aldeas del valle de Broto y los fallecimientos de las personas que tenían conocimientos sobre etnobotánica han dificultado la transmisión de conocimientos, pero persiste en los corazones y memorias de muchos.&lt;br /></subfield>
  </datafield>
  <datafield tag="521" ind1=" " ind2=" ">
    <subfield code="a">Graduado en Ciencias Ambientales</subfield>
  </datafield>
  <datafield tag="540" ind1=" " ind2=" ">
    <subfield code="a">Derechos regulados por licencia Creative Commons</subfield>
  </datafield>
  <datafield tag="653" ind1="1" ind2=" ">
    <subfield code="a">Plantas medicinales</subfield>
  </datafield>
  <datafield tag="653" ind1="1" ind2=" ">
    <subfield code="a">Plantas comestibles</subfield>
  </datafield>
  <datafield tag="653" ind1="1" ind2=" ">
    <subfield code="a">Valle de Broto</subfield>
  </datafield>
  <datafield tag="653" ind1="1" ind2=" ">
    <subfield code="a">Conservación</subfield>
  </datafield>
  <datafield tag="653" ind1="1" ind2=" ">
    <subfield code="a">Etnobotánica</subfield>
  </datafield>
  <datafield tag="856" ind1="0" ind2=" ">
    <subfield code="f">799868@unizar.es</subfield>
  </datafield>
  <datafield tag="856" ind1="4" ind2=" ">
    <subfield code="s">2619835</subfield>
    <subfield code="u">http://zaguan.unizar.es/record/169842/files/TAZ-TFG-2025-4596.pdf</subfield>
    <subfield code="y">Memoria (spa)</subfield>
  </datafield>
  <datafield tag="909" ind1="C" ind2="O">
    <subfield code="o">oai:zaguan.unizar.es:169842</subfield>
    <subfield code="p">driver</subfield>
    <subfield code="p">trabajos-fin-grado</subfield>
  </datafield>
  <datafield tag="950" ind1=" " ind2=" ">
    <subfield code="a"></subfield>
  </datafield>
  <datafield tag="691" ind1=" " ind2=" ">
    <subfield code="a">2 3 15</subfield>
  </datafield>
  <datafield tag="692" ind1=" " ind2=" ">
    <subfield code="a">ODS 2- Hambre cero: Fomentando una recolección respetuosa de plantas silvestres comestibles del entorno, se fomenta la autosuficiencia y soberanía alimentaria que no depende de las cadenas de producción y consumo para el abastecimiento alimentario. ODS 3- Salud y bienestar: Como consecuencia de los beneficios de las plantas medicinales sobre el ser humano. Además, el conocimiento de las plantas del entorno conecta a las personas con el territorio que habitan y permite mayor contacto con la naturaleza. ODS 15- Vida de ecosistemas terrestres: Conocimiento y conservación de la flora autóctona. Adicionalmente, la recolección responsable de plantas medicinales y comestibles fomenta la biodiversidad de los ecosistemas, pues la recolección humana permite un rebrote más fuerte en la vegetación.</subfield>
  </datafield>
  <datafield tag="700" ind1=" " ind2=" ">
    <subfield code="a">Pérez Collazos, Ernesto</subfield>
    <subfield code="e">dir.</subfield>
  </datafield>
  <datafield tag="710" ind1="2" ind2=" ">
    <subfield code="a">Universidad de Zaragoza</subfield>
    <subfield code="b">Ciencias Agrarias y del Medio Natural</subfield>
    <subfield code="c">Botánica</subfield>
  </datafield>
  <datafield tag="980" ind1=" " ind2=" ">
    <subfield code="a">TAZ</subfield>
    <subfield code="b">TFG</subfield>
    <subfield code="c">EPSHUES</subfield>
  </datafield>
  <datafield tag="999" ind1=" " ind2=" ">
    <subfield code="a">20251029125328.CREATION_DATE</subfield>
  </datafield>
  <datafield tag="951" ind1=" " ind2=" ">
    <subfield code="a">deposita:2026-03-04</subfield>
  </datafield>
</record>
</collection>